000 00780nam a22002651a 4500
008
020 _a0851989152 (hbk.)
049 _aMAIN
090 _aS587.5.N5WHI
100 1 _aWhitehead, D. C.
245 1 0 _aGrassland nitrogen /
_cD.C. Whitehead.
260 _aWallingford, Oxon, UK :
_bCAB International,
_cc1995.
300 _axv, 397 p. :
_bill. ;
_c24 cm.
504 _aIncludes bibliographical references.
500 _aIncludes index.
650 0 _aGrasslands.
650 0 _aAnimal-plant relationships.
650 0 _aPlant-soil relationships.
650 0 _aNitrogen fertilizers.
907 _a.b10167390
_b28-03-06
_c08-07-05
003
005 20230123134030.0
040 _cNUST
942 _cBOOKS
_kS587.5.N5WHI
999 _c158855
_d158855